Normal view
MARC view
- By rory allen (author)
Entry Personal Name
001 - CONTROL NUMBER
- control field: 35787
003 - CONTROL NUMBER IDENTIFIER
- control field: OSt
005 - DATE AND TIME OF LATEST TRANSACTION
- control field: 20260604102057.0
008 - FIXED-LENGTH DATA ELEMENTS
- fixed length control field: 260604|| aca||aabn | a|a d
040 ## - CATALOGING SOURCE
- Original cataloging agency: OSt
- Transcribing agency: OSt
100 ## - HEADING--PERSONAL NAME
- Personal name: By rory allen (author)
670 ## - SOURCE DATA FOUND
- Source citation: Work cat.: (OSt)8618: By rory allen (author), Statistics And Experimental Design For Psychologists: A Model Comparison Approach